| 000 | 00440nam a2200157Ia 4500 | ||
|---|---|---|---|
| 008 | 210210b1997 xxu||||| |||| 00| 0 eng d | ||
| 020 | _a0333 90275 0 | ||
| 082 | _a658.8 DHOM | ||
| 100 | _aDHOLAKIA (Nikhilesh) and others. | ||
| 245 | _aMarketing management: cases and concepts. | ||
| 260 |
_aDelhi. _bMacmillan India Ltd. _c1997 |
||
| 300 | _aix,643 | ||
| 650 | _aMarketing Cases | ||
| 690 | _aMarketing Management | ||
| 906 | _a055092 | ||
| 999 |
_c102864 _d102864 |
||